000 00498nam a2200181Ia 4500
999 _c5803
_d5803
003 OSt
005 20200120095841.0
008 190216s9999||||xx |||||||||||||| ||und||
020 _a8174460276
040 _coclc
082 _a658.4013
_bJOS/T
100 _aJoseph
_91276
245 0 _aTotal Quality Management /
_cJoseph ; Susan Berk
250 _a1st ed.
260 _bExcel Books,
_c1995.
_aDelhi:
300 _a224p
942 _cBK
_2ddc
_h658.4013
_iJOS/T
_k658.4013
_mJOS/T